Sports Quiz

Random Sports Quiz

Randy Orton's 2009 PPV Opponents Quiz Stats

Quiz not verified by Sporcle

Challenge
Share
Tweet
Embed
Score 0/21 Timer 15:00
0 Plays Today
PPV Wrestler % Correct
Wrestlemania 25Triple H
95.5%
BacklashTriple H
95.5%
The BashTriple H
95.5%
Night of ChampionsTriple H
95.5%
Royal RumbleTriple H
95.5%
Night of ChampionsJohn Cena
89.7%
SummerSlamJohn Cena
89.7%
Breaking PointJohn Cena
89.7%
Hell In A CellJohn Cena
89.7%
Bragging RightsJohn Cena
89.7%
BacklashBatista
87.1%
PPV Wrestler % Correct
Judgment DayBatista
87.1%
Extreme RulesBatista
87.1%
No Way OutShane McMahon
65.8%
BacklashShane McMahon
65.8%
Survivor SeriesKofi Kingston
60.6%
WWE TLC: Tables, Ladders & ChairsKofi Kingston
60.6%
Survivor SeriesMVP
52.3%
Survivor SeriesR-Truth
51%
Survivor SeriesMark Henry
49.7%
Survivor SeriesChristian
48.4%

You're not logged in!

Compare scores with friends on all Sporcle quizzes.
Join for Free
OR
Log In

You Might Also Like...

Show Comments

Extras

Created Aug 6, 2010ReportNominate

Top Quizzes Today


Score Distribution

Your Account Isn't Verified!

In order to create a playlist on Sporcle, you need to verify the email address you used during registration. Go to your Sporcle Settings to finish the process.

Report this User

Report this user for behavior that violates our Community Guidelines.

Details: